| 000 | 00483nam a22001817a 4500 | ||
|---|---|---|---|
| 999 |
_c188418 _d188418 |
||
| 005 | 20220520161423.0 | ||
| 010 | _aENG-132752 | ||
| 020 |
_a978-0-143-06324 _c299.00 |
||
| 035 | _aEN-116284 | ||
| 037 | _bDBAD/PUB | ||
| 082 | _2301 | ||
| 100 | _aDevika, J | ||
| 245 |
_aWomanwriting/ _cJ. Devika |
||
| 260 |
_aNew Delhi _bZubaan _c2013 |
||
| 270 |
_a128B, Ist floor, Shahpur Jat _bNew Delhi _e110004 |
||
| 300 |
_a200p. _c21cm(pbk) |
||
| 942 |
_2ddc _cEN _h301 _mDEV |
||